000
00237nam a2200097Ia 4500
008
230915s9999 xx 000 0 und d
050
_a
HD 30.28 .D 45 2000
100
_a
DE KLUYVER,CORNELIS A.
245
0
_a
STRATEGIC THINKING
942
_c
BK
999
_c
75532
_d
75532